000 00570nam a2200217Ia 4500
003 OSt
005 20220928141235.0
006 a|||||r|||| 00| 0
007 ta
008 220927b |||||||| |||| 00| 0 eng d
024 _a14144
037 _cTextual
040 _aSDCL
_cSDCL
_beng
041 _2eng
_aeng
082 _aO-973, L6
100 _aRobbins J Albert Ed.
_9443176
245 0 _aAmerican literary scholarship
_b An annual / 1976.
260 _c1976
942 _hO-973, L6
_cTEXL
_2CC
999 _c816553
_d816553